ბათუმის შოთა რუსთაველის სახელმწიფო უნივერსიტეტის ბიბლიოთეკა

თხზულებათა კრებული ოთხ ტომად. ტომი მეორე (ბიბ.ჩანაწერი № 42351)

000 -LEADER
fixed length control field 00836nam a2200217Ia 4500
001 - CONTROL NUMBER
control field 9047
003 - CONTROL NUMBER IDENTIFIER
control field GE_BSU
008 - FIXED-LENGTH DATA ELEMENTS--GENERAL INFORMATION
fixed length control field 181216s||||||||xx |||||||||||||| ||und||
040 ## - CATALOGING SOURCE
Transcribing agency GE_BSU
080 ## - UNIVERSAL DECIMAL CLASSIFICATION NUMBER
Universal Decimal Classification number 821.353.1-31+821.353.1-32
100 ## - MAIN ENTRY--PERSONAL NAME
Personal name კლდიაშვილი,სერგო
245 ## - TITLE STATEMENT
Title თხზულებათა კრებული ოთხ ტომად. ტომი მეორე
245 ## - TITLE STATEMENT
Remainder of title ტომი მეორე:რომანი;მოთხრობები
245 ## - TITLE STATEMENT
Statement of responsibility, etc. რედ:ნ.კანდელაკი;მხატვ:გ.კალაძე
260 ## - PUBLICATION, DISTRIBUTION, ETC.
Place of publication, distribution, etc. თბილისი.
260 ## - PUBLICATION, DISTRIBUTION, ETC.
Name of publisher, distributor, etc. საბჭ.საქართველო
260 ## - PUBLICATION, DISTRIBUTION, ETC.
Date of publication, distribution, etc. 1973
300 ## - PHYSICAL DESCRIPTION
Extent 467გვ;ილ;22სმ
653 ## - INDEX TERM--UNCONTROLLED
Uncontrolled term რომანი;მოთხრობები
942 ## - ADDED ENTRY ELEMENTS (KOHA)
Koha item type წიგნი
ეგზემპლარები
Withdrawn status Lost status Damaged status Not for loan Date acquired Barcode Date last seen Price effective from Koha item type
        2018-12-17 31597 2018-12-17 2018-12-17 წიგნი
        2018-12-17 31598 2018-12-17 2018-12-17 წიგნი